Muslim enlightened thought in South Asia /

"Muslim Enlightened Thought in South Asia is an engaging history of the enlightened liberality of modern Muslim poets, philosophers, educationists, novelists, historians, artists, and public intellectuals, who drew on a long Muslim intellectual tradition beyond the "Western" liberalis...

Descrición completa

Detalles Bibliográficos
Autor Principal: Jalal, Ayesha (Author)
Formato: Libro
Idioma:English
Publicado: Abingdon, Oxon : Routledge, 2025.
Subjects:
Classic Catalogue: View this record in Classic Catalogue
LEADER 04702nam a22004338i 4500
001 45345
003 BD-DhAAL
005 20260224102934.0
008 260224t2025 enk b 001 0 eng
010 |a  2024027769 
020 |a 9781032835730 
020 |a 9781032835723 
020 |a 9781003510031 
035 |a 23806403 
040 |a DLC  |b eng  |e rda  |c DLC  |d DLC  |d BD-DhAAL 
042 |a pcc 
043 |a az----- 
050 0 0 |a BP63.A37  |b J35 2025 
082 0 0 |a 297.0954  |2 23 
100 1 |a Jalal, Ayesha,  |e author. 
245 1 0 |a Muslim enlightened thought in South Asia /  |c Ayesha Jalal. 
260 |a Abingdon, Oxon :  |b Routledge,  |c 2025. 
300 |a xii, 308 pages :  |b illustrations ;  |c 23 cm 
504 |a Includes bibliographical references and index. 
520 |a "Muslim Enlightened Thought in South Asia is an engaging history of the enlightened liberality of modern Muslim poets, philosophers, educationists, novelists, historians, artists, and public intellectuals, who drew on a long Muslim intellectual tradition beyond the "Western" liberalism of empire. Interpreting the pathbreaking contributions of an array of creative Muslim figures, the book challenges the view portraying them as exemplars of an insular and defensive "apologetic modernity". It highlights a strand of Muslim thought and liberality of mind that has been ignored by scholars obsessed with dire and dour theologians. This book questions both the presumptions of historians of liberalism that exclude Muslims from the domain of modern liberal thought and the predilections of those scholars of Islam who lean solely on discovering theological rigidity among ulama. It analyzes the forces that have contributed to the narrowing of intellectual space since the late twentieth century and the resilience of expansive and enlightened ideas that have kept candles flickering in the enveloping darkness. Foregrounding the enlightened conceptions of Ghalib, Sayyid Ahmad Khan, Iqbal and Sadequain on faith, selfhood, history, and time - and bringing other Muslim thinkers out of the shadows, the book offers a nuanced reformulation of the meaning of religion for our challenging times. It will be of interest to a wide readership interested in the history of Islam and South Asia"-- 
526 8 |a ENH  |x Sabiha Huq, PhD Professor Department of English and Humanities BRAC University Course Name and No. :Course Name and No. : Thesis (ENG 698) 
541 1 |a Hye Trade International  |e 45345, 45346, 45347, 45348, 45349 
650 0 |a Islam  |z South Asia  |x History.  |9 20787 
650 0 |a Islam and secularism  |z South Asia  |x History.  |9 60297 
650 0 |a Islamic modernism  |z South Asia  |x History.  |9 60298 
650 0 |a Liberalism  |z South Asia  |x History.  |9 60299 
852 1 |a Ayesha Abed Library  |c General Stacks 
942 |2 ddc  |c BK 
999 |c 47721  |d 47721 
952 |0 0  |1 0  |2 ddc  |4 0  |6 297_095400000000000_JAL  |7 0  |9 78768  |a BRACUL  |b BRACUL  |c GEN  |d 2026-01-29  |e Hye Trade International  |g 3799.00  |l 0  |o 297.0954 JAL  |p 3010045348  |r 2026-01-29  |t 4  |v 7598.00  |w 2026-01-29  |y BK  |x Requisitioned by Sabiha Huq (Professor, Department of English and Humanities, BRAC University) for the course named- Thesis ‘’(ENG 698)’’ 
952 |0 0  |1 0  |2 ddc  |4 0  |6 297_095400000000000_JAL  |7 0  |9 78769  |a BRACUL  |b BRACUL  |c GEN  |d 2026-01-29  |e Hye Trade International  |g 3799.00  |l 0  |o 297.0954 JAL  |p 3010045349  |r 2026-01-29  |t 5  |v 7598.00  |w 2026-01-29  |y BK  |x Requisitioned by Sabiha Huq (Professor, Department of English and Humanities, BRAC University) for the course named- Thesis ‘’(ENG 698)’’ 
952 |0 0  |1 0  |2 ddc  |4 0  |6 297_095400000000000_JAL  |7 0  |9 78770  |a BRACUL  |b BRACUL  |c CIR  |d 2026-01-29  |e Hye Trade International  |g 3799.00  |l 0  |o 297.0954 JAL  |p 3010045345  |r 2026-01-29  |t 1  |v 7598.00  |w 2026-01-29  |y 1HOUR  |x Requisitioned by Sabiha Huq (Professor, Department of English and Humanities, BRAC University) for the course named- Thesis ‘’(ENG 698)’’; As instructed by the University Librarian, the book has been placed on a one hour loan period following the receipt of five copies. 
952 |0 0  |1 0  |2 ddc  |4 0  |6 297_095400000000000_JAL  |7 0  |9 78771  |a BRACUL  |b BRACUL  |c GEN  |d 2026-01-29  |e Hye Trade International  |g 3799.00  |l 0  |o 297.0954 JAL  |p 3010045347  |r 2026-01-29  |t 3  |v 7598.00  |w 2026-01-29  |y BK  |x Requisitioned by Sabiha Huq (Professor, Department of English and Humanities, BRAC University) for the course named- Thesis ‘’(ENG 698)’’ 
952 |0 0  |1 0  |2 ddc  |4 0  |6 297_095400000000000_JAL  |7 0  |9 78772  |a BRACUL  |b BRACUL  |c NEW  |d 2026-01-29  |e Hye Trade International  |g 3799.00  |l 3  |m 1  |o 297.0954 JAL  |p 3010045346  |r 2026-05-04  |s 2026-04-25  |t 2  |v 7598.00  |w 2026-01-29  |y BK  |x Requisitioned by Sabiha Huq (Professor, Department of English and Humanities, BRAC University) for the course named- Thesis ‘’(ENG 698)’’